| 000 | 00652nam a22002417a 4500 | ||
|---|---|---|---|
| 003 | BUBTL | ||
| 008 | 230810b ||||| |||| 00| 0 eng d | ||
| 020 | _a0195670655 | ||
| 041 | _aEnglish | ||
| 082 | _a340.5/ P2743j/ 1972 | ||
| 100 |
_94146 _aPaton, G. W. |
||
| 245 |
_aA Text Book of Jurisprudence/ _b G.W. Paton |
||
| 250 | _a4th ed. | ||
| 260 |
_aNew Delhi _bOxford University Press _cc1972 |
||
| 300 |
_axvii, 659p. : _bill. ; _c21 cm. |
||
| 500 | _aIncludes Index | ||
| 526 | _aLaw | ||
| 650 | 0 |
_926 _aLaw |
|
| 700 |
_95425 _aG. W. Paton |
||
| 856 |
_k0 _l0 _yDownload |
||
| 942 |
_2ddc _cBK |
||
| 999 |
_c7077 _d7077 |
||